000 01436nam0a22002891 4500
001 rc\4747847
005 20250613072152.0
021 _aRU
_b[63-21894ж]
035 _a(NLR Aleph) 009008416
090 _a9351829
_c9351829
100 _a20130417d1963 |||y0rusy50 ca
101 0 _arus
_akaz
102 _aRU
105 _aa z |||||
200 1 _aИз истории борьбы за власть Советов в Казахстане
_e[Статьи и воспоминания
_fРед. коллегия: ...Т.Б.[!] Елеуов (отв. ред.) и др.]
210 _aАлма-Ата
_cИзд-во Акад. наук КазССР
_d1963
215 _a175 с.
_cил.
_d27
225 1 _aАкадемия наук КазССР. Труды Института истории, археологии и этнографии имени Ч.Ч. Валиханова
_vТ. 17
_i[История]
300 _aЧасть текста на каз. яз.
606 _aВеликая Октябрьская социалистическая революция
_yКазахстан
_2psbo
606 _aИностранная военная интервенция и гражданская война в СССР 1918-1920 гг.
_yКазахстан
_2psbo
702 1 _aЕлеуов
_bТ.Е.
_gТажен Елеуович
_4340
801 0 _aRU
_bNLR
_gpsbo
801 1 _aRU
_bELAR
_2rusmarc
852 _aNLR
_jП32/212
942 _cBOOK
980 _aNB